From Judaism to Christianity / (Record no. 3891)

MARC details
000 -LEADER
fixed length control field 00547nam a22001817a 4500
003 - CONTROL NUMBER IDENTIFIER
control field GBCCL
005 - DATE AND TIME OF LATEST TRANSACTION
control field 20241126110506.0
008 - FIXED-LENGTH DATA ELEMENTS--GENERAL INFORMATION
fixed length control field 171215b xxu||||| |||| 00| 0 eng d
040 ## - CATALOGING SOURCE
Transcribing agency gbc
082 ## - DEWEY DECIMAL CLASSIFICATION NUMBER
Classification number 269.2092
Item number CER
100 ## - MAIN ENTRY--PERSONAL NAME
Personal name Cerullo, Morris
9 (RLIN) 7640
245 ## - TITLE STATEMENT
Title From Judaism to Christianity /
Statement of responsibility, etc. Morris Cerullo
260 ## - PUBLICATION, DISTRIBUTION, ETC.
Name of publisher, distributor, etc. A World Evangelism Publication,
Place of publication, distribution, etc. San Diego:
Date of publication, distribution, etc. 1972
300 ## - PHYSICAL DESCRIPTION
Extent 88 p.;
Other physical details ill.,
Dimensions 23 cm.
600 ## - SUBJECT ADDED ENTRY--PERSONAL NAME
Personal name Morris Cerullo
Form subdivision biography
General subdivision Evangelist
9 (RLIN) 9385
650 ## - SUBJECT ADDED ENTRY--TOPICAL TERM
Topical term or geographic name entry element Judaism
Form subdivision Christianity
General subdivision converts
9 (RLIN) 9386
942 ## - ADDED ENTRY ELEMENTS (KOHA)
Source of classification or shelving scheme Dewey Decimal Classification
Koha item type Books
Holdings
Withdrawn status Lost status Source of classification or shelving scheme Damaged status Not for loan Home library Current Library Shelving location Date acquired Total checkouts Full call number Barcode Date last seen Copy number Price effective from Koha item type
    Dewey Decimal Classification     GRACE BIBLE COLLEGE GRACE BIBLE COLLEGE Ministry & Mission 2017-12-15   269.2092 CER 007149 2025-05-01 c.1 2017-12-15 Books
© Grace Bible College Library 2025